Songs That Never Passed Their Debut Position (Billboard Hot 100) [2015] - Statistics

General Stats
  • This quiz has been taken 8 times
  • The average score is 11 of 158
Answer Stats
Month Peak Artist(s) Song % Correct
February #75 Imagine Dragons Shots
100%
#94 Shawn Mendes A Little Too Much
50%
#95 French Montana ft. Jeremih Bad *****
50%
#87 Sophia Grace Best Friends
50%
#90 I Prevail Blank Space
50%
#17 Sia Elastic Heart
50%
#84 twenty one pilots Fairly Local
50%
#88 Nicki Minaj ft. Ariana Grande Get On Your Knees
50%
#96 Kid Ink ft. Chris Brown Hotel
50%
#83 Matt McAndrew Lost Stars
50%
#63 Chris Jamison & Adam Levine Lost Without U
50%
#65 Jessie J Masterpiece
50%
#34 Craig Wayne Boyd My Baby's Got a Smile on Her Face
50%
#35 Kanye West ft. Paul McCartney Only One
50%
#38 Dove Cameron, Cameron Boyce, Booboo Stewart & Sofia Carson Rotten to the Core
50%
#74 Damien Soldier
50%
#82 twenty one pilots Tear in my Heart
50%
#100 Meghan Trainor Title
50%
#53 Chris Jamison Velvet
50%
January #14 Matt McAndrew Wasted Love
50%
#100 Mac Miller 100 Grandkids
0%
#88 Drake 30 For 30 Freestyle
0%
#82 Travi$ Scott ft. Future & 2 Chainz 3500
0%
#83 Drake 6 God
0%
#97 Drake 6 Man
0%
#60 The Weeknd Acquainted
0%
#93 Cashmere Cat ft. Ariana Grande Adore
0%
#33 Fetty Wap Again
0%
#56 Sia Alive
0%
#15 Kanye West ft. Theophilus London, Allan Kingdom & Paul McCartney All Day
0%
#80 Big Sean ft. Kanye West All Your Fault
0%
#94 One Direction A.M.
0%
#94 Sawyer Fredericks A Thousand Years
0%
#71 Lil Dicky ft. Fetty Wap & Rich Homie Quan $ave Dat Money
0%
#91 Action Bronson ft. Chance the Rapper Baby Blue
0%
#92 Prince Royce ft. Jennifer Lopez & Pitbull Back It Up
0%
#21 Drake Back to Back
0%
#93 Nick Fradiani Beautiful Life
0%
#81 Justin Bieber Been You
0%
#31 Mumford & Sons Believe
0%
#95 Future Blow a Bag
0%
#50 Eazy-E Boyz-N-The Hood
0%
#83 Wiz Khalifa ft. Rae Sremmurd Burn Slow
0%
#99 Pentatonix Can't Sleep Love
0%
#82 Drake & Future Change Locations
0%
#92 Meghan Linsey Change My Mind
0%
#78 Drake Charged Up
0%
#100 Young Thug Check
0%
#74 Justin Bieber Children
0%
#78 Miguel Coffee
0%
#53 Justin Bieber Company
0%
#42 Empire Cast ft. Estelle & Jussie Smollett Conqueror
0%
#97 PSY ft. CL Daddy
0%
#100 Ciara Dance Like We're Making Love
0%
#3 One Direction Drag Me Down
0%
#98 G-Eazy ft. Chris Brown & Tory Lanez Drifting
0%
#80 A$AP Rocky ft. ScHoolboy Q Electric Body
0%
#68 Panic! At The Disco Emperor's New Clothes
0%
#92 A$AP Rocky ft. Rod Stewart x Miguel x Mark Ronson Everyday
0%
#80 Breaking Benjamin Failure
0%
#78 Bea Miller Fire N Gold
0%
October #92 Kygo ft. Conrad Sewell Firestone
0%
#66 Kid Rock First Kiss
0%
#94 Chedda Da Connect Flicka Da Wrist
0%
#100 5 Seconds of Summer Fly Away
0%
#7 Ariana Grande Focus
0%
#90 Justin BIeber Get Used to It
0%
#98 Madi Davis Girls Just Want To Have Fun
0%
#98 Who Is Fancy Goodbye
0%
#91 Ludacris ft. Miguel Good Lovin'
0%
December #30 Jordan Smith Great is Thy Faithfulness
0%
#40 Panic! At The Disco Hallelujah
0%
#61 Jordan Smith Hallelujah
0%
#88 Jordan Smith Halo
0%
#51 Lana Del Rey High By the Beach
0%
#65 One Direction History
0%
#99 A Great Big World ft. FUTURISTIC Hold Each Other
0%
#100 Kimberly Nichole House of the Rising Sun
0%
#92 Barrett Baber I'd Love to Lay You Down
0%
#83 One Direction If I Could Fly
0%
May #98 Sawyer Fredericks Imagine
0%
July #84 Madonna ft. Nicki Minaj ***** I'm Madonna
0%
#100 Kip Moore I'm To Blame
0%
#82 Mariah Carey Infinity
0%
#54 One Direction Infinity
0%
#99 Kendrick Lamar ft. Bilal, Anna Wise & Snoop Dogg Institutionalized
0%
#100 Sawyer Fredericks Iris
0%
#17 Zedd ft. Selena Gomez I Want You To Know
0%
#87 Future Jersey
0%
#95 5 Seconds of Summer Jet Black Heart
0%
#86 Fetty Wap ft. Monty Jugg
0%
#91 Meek Mill ft. Future Jump Out the Face
0%
#99 Empire Cast ft. Jussie Smollett Keep Your Money
0%
June #26 Luke Bryan Kick the Dust Up
0%
August #80 Eminem ft. Gwen Stefani Kings Never Die
0%
#62 A$AP Rocky L$D
0%
#67 Justin Bieber Life is Worth Living
0%
#99 Sam Smith Like I Can
0%
#88 Meek Mill Lord Knows
0%
#85 The Weeknd ft. Labrinth Losers
0%
#75 Steven Tyler Love Is Your Name
0%
#100 The1975 Love Me
0%
#84 Koryn Hawthorne Make It Rain
0%
#42 Justin Bieber Mark My Words
0%
#96 Meek Mill Monster
0%
#100 One Direction Never Enough
0%
#49 Justin Bieber ft. Big Sean No Pressure
0%
#54 Justin Bieber ft. Travi$ Scott No Sense
0%
#81 Drake No Tellin'
0%
#77 Nate Ruess Nothing Without Love
0%
#95 Drake Now & Forever
0%
#63 Sawyer Fredericks Old Man
0%
#87 One Direction Olivia
0%
#64 Disclosure ft. Sam Smith Omen
0%
#98 A-Trak + Milo & Otis ft. Rich Kidz Out the Speakers
0%
#99 Big Sean Paradise
0%
November #10 One Direction Perfect
0%
#47 Eminem Phenomenal
0%
#78 Drake & Future Plastic Bag
0%
#84 Big Sean ft. Chris Brown & Ty Dolla $ign Play No Games
0%
#37 Sawyer Fredericks Please
0%
#29 Britney Spears & Iggy Azalea Pretty Girls
0%
#47 The Weeknd ft. Lana Del Rey Prisoner
0%
#43 Justin Bieber Purpose
0%
#94 G-Eazy Random
0%
#62 The Weeknd Real Life
0%
#87 Adele Remedy
0%
#100 Future Rich $ex
0%
#70 Kid Ink, Tyga, Wale, YG & Rich Homie Quan Ride Out
0%
#77 Imagine Dragons Roots
0%
#90 Naughty Boy ft. Beyonce & Arrow Benjamin Runnin' (Lose It All)
0%
#79 The Weeknd Shameless
0%
#22 5 Seconds of Summer She's Kinda Hot
0%
#99 Sawyer Fredericks Shine On
0%
#71 Sawyer Fredericks Simple Man
0%
#43 Carrie Underwood Smoke Break
0%
#21 Jordan Smith Somebody to Love
0%
#97 Rick Ross ft. Chris Brown Sorry
0%
#93 Hilary Duff Sparks
0%
September #38 N.W.A. Straight Outta Compton
0%
#54 The Weeknd Tell Your Friends
0%
#96 One Direction Temporary Fix
0%
April #66 Kendrick Lamar The Blacker The Berry
0%
#31 Justin Bieber ft. Halsey The Feeling
0%
#94 Kendrick Lamar ft. Bilal, Anna Wise & Thundercat These Walls
0%
#87 Chris Stapleton Traveller
0%
#67 Iggy Azalea ft. Jennifer Hudson Trouble
0%
#98 Justin Bieber Trust
0%
#58 How I Became The Bomb Ulay, Oh
0%
#82 Kane Brown Used To Love You Sober
0%
#88 Justin Bieber ft. Nas We Are
0%
#91 Kendrick Lamar ft. George Clinton & Thundercat Wesley's Theory
0%
#1 (1 Week) Justin Bieber What Do You Mean?
0%
#95 The Weeknd Where You Belong
0%
March #51 Taylor Swift Wonderland
0%
#71 Sam Smith Writing's on the Wall
0%
#83 Taylor Swift You Are In Love
0%
#93 Jamie Foxx ft. Chris Brown You Changed Me
0%
No matching quizzes found
Score Distribution
Percent of People with Each Score
Percentile by Number Answered
Your Score History
You have not taken this quiz